| 000 | 00868nam a2200265Ia 4500 | ||
|---|---|---|---|
| 003 | OSt | ||
| 005 | 20220928130348.0 | ||
| 006 | a|||||r|||| 00| 0 | ||
| 007 | ta | ||
| 008 | 220927b |||||||| |||| 00| 0 eng d | ||
| 020 | _c2181.5500000000002 | ||
| 024 | _a124880 | ||
| 037 |
_b933, 21/11/2014, Bright Book Service _cTextual |
||
| 040 |
_aSDCL _cSDCL _beng |
||
| 041 |
_2eng _aeng |
||
| 082 | _aX81:8, Q4 | ||
| 100 |
_aGoldin Ian _9388024 |
||
| 245 | 0 |
_aButterfly defect _b How globalization creates systemic risks, and what to do about it |
|
| 260 |
_aPrinceton _bPrinceton University Press _c2014 |
||
| 300 |
_axx;296p. _ccm. |
||
| 650 |
_aBusiness Economics _9391653 |
||
| 700 |
_a Mariathasan Mike _9473683 |
||
| 942 |
_hX81:8, Q4 _cTEXL _2CC |
||
| 999 |
_c786277 _d786277 |
||